| 000 | 00786nam a2200181Ia 4500 | ||
|---|---|---|---|
| 008 | 090124s9999 xx 000 0 und d | ||
| 082 | _b33621 | ||
| 100 | _aपरचुरे श्री. दि. | ||
| 245 | _a मराठी गद्यलेखनशैलींचा उदगम आणि विकास | ||
| 250 | _a1 | ||
| 260 |
_bग्रंथाली प्रकाशन _c1996 |
||
| 300 | _a283+74 | ||
| 600 | _aपरचुरे श्री. दि. | ||
| 630 | _a मराठी गद्यलेखनशैलींचा उदगम आणि विकास | ||
| 700 | _aपरचुरे श्री. दि. | ||
| 730 | _a मराठी गद्यलेखनशैलींचा उदगम आणि विकास | ||
| 942 | _cBOOK | ||
| 999 |
_c99517 _d99517 |
||